| 000 | 01311nam a2200205Ia 4500 | ||
|---|---|---|---|
| 999 |
_c9705 _d9705 |
||
| 005 | 20231011160253.0 | ||
| 008 | 231011s9999 xx 000 0 und d | ||
| 020 | _a84-8377-290-6 | ||
| 040 |
_aUPAN _cBiblioteca San Vicente _eRCAA2 |
||
| 041 | _aspa | ||
| 082 |
_a300.72 _bG245m _c1990 |
||
| 100 |
_aGarza Mercado, Ario _4aut. |
||
| 245 | 0 |
_aManual de tecnicas de investigacion para estudiantes de ciencias sociales/ _bArio Garza Mercado |
|
| 250 | _a1ª ed. | ||
| 260 |
_aMéxico: _bPiedra Santa, _c1991 |
||
| 300 |
_a351 p.; _c21 cm. |
||
| 505 | _aEl manual analiza las fases principales del proceso de la investigación: la selección del tema, la formulación de la hipótesis, la planeación del trabajo, el acopio y la interpretación de la información, y la redacción del informe. Al mismo tiempo, el manual se ocupa de algunos instrumentos esenciales para la investigación, como los sistemas de información, la biblioteca, las obras de consulta, los textos de trabajo, el cuestionario y la entrevista. El manual presta especial atención a los requerimientos de la investigación bibliográfica, en el contexto de la investigación documental, pero también se ocupa de la encuesta en el contexto del trabajo de campo. | ||
| 650 |
_2LEMB _vInvestigación _xCiencias sociales _93 |
||
| 942 |
_cBK _2ddc |
||